000 00642pam a2200217 4500
001 163
005 20181127160654.0
008 050317s2006 mauab 001 0 eng
010 _a2005045947
020 _a0205459587 (casebound)
020 _a8131704025
_c
_z
100 1 _aLevin, Jack,
_d1941-
245 1 0 _aElementary statistics in social research /
_cJack Levin, James Alan Fox.
250 _a10th ed.
260 _aNew Delhi :
_bPearson Education,
_cc2006.
300 _a528 p. :
_bill., map ;
_c25 cm.
500 _aIncludes index.
650 0 _aSocial sciences
_xStatistical methods.
650 0 _aStatistics.
700 1 _aFox, James Alan.
999 _c146
_d146